000 00802nam a2200253 a 4500
008
020 _a0751731625 (pbk. )
049 _aMAIN
090 _aHF5635 CHA
100 1 _aChartered Institute of Management Accountants
245 1 0 _aFinancial accounting.
_nIntermediate paper 6 /
_cCIMA
260 _aLondon :
_bBPP,
_c2001.
300 _a2nd ed.
300 _axvi, 394 p. ;
_c30 cm.
440 _aCIMA practice and revision kit.
500 _aFor exams in November 2001 and May 2002.
610 _aChartered Institute of Management Accountants
_xexams
_vpractice and revision kit.
650 _a Accounting.
907 _a.b10240883
_b30-04-07
_c25-04-07
003
005 20230123134431.0
040 _cNUST
942 _cBOOKS
_kHF5635 CHA
999 _c165853
_d165853